| 000 | 00563nam a22001337a 4500 | ||
|---|---|---|---|
| 040 | _cRUA | ||
| 082 | _aAGR KHE 2011 B048 Or.1 | ||
| 100 | _aKHEM BORIN | ||
| 245 | _aRice cropping system in tramkak district, takeo prvince,(ប្រព័ន្ធដំាដុះដំណាំស្រូវក្នុងស្រុកត្រំាកក់ ខេត្តតាកែវ) | ||
| 260 |
_aphnom penh _bRUA _c2011 |
||
| 300 |
_axi, 63p. _cill. |
||
| 856 | _uhttps://drive.google.com/file/d/1pM2lkTqthUF6ce9Avbpq7_G4W88nBnJG/view?usp=sharing | ||
| 942 | _cAGR | ||
| 999 |
_c1166 _d1166 |
||